The Material Worlds of Recent Polish Migrants
| Titel: | The Material Worlds of Recent Polish Migrants : Transnationalism, Food, Shops and Home |
|---|---|
| Verfasser: | |
| Beteiligt: | |
| In: |
Polish migration to the UK in the 'new' European Union, (2009), Seite 211-232, Abb., Tab. alle Artikel anzeigen |
| Veröffentlicht: | 2009 |
| Format: | Aufsatz |
| Sprache: | Englisch |
X
alg: 39257570
001A $01999:11-11-16
001B $01999:27-04-21 $t20:50:08.000
001D $01999:11-11-16
001U $0utf8
001X $00
002@ $0Aox
003@ $0392575701
007A $0392575701 $aHEB
007T $0Herdc0069243m
010@ $aeng
011@ $a2009
021A $aThe @Material Worlds of Recent Polish Migrants $dTransnationalism, Food, Shops and Home
028A $aRabikowska $dMarta
028B/01 $aBurrell $dKathy
031A $h211-232, Abb., Tab. $j2009
039B $aIn $8--Aau--. Polish migration to the UK in the 'new' European Union. - Farnham {[u.a.] : Ashgate, c 2009. - XVIII, 241 S.. - Ill., graph. Darst.. - ISBN 978-0-7546-7387-3 $x200900000000000789 $9212964321
045F $a304.609438 $eDDC23BSB
045F/01 $a304.609
045F/03 $g438
lok: 39257570 78
exp: 39257570 78 1 #EPN
201B/01 $009-08-21 $t22:56:37.000
201U/01 $0utf8
203@/01 $0788673793
208@/01 $a11-11-16 $be
209A/01 $a/ $f000 $x00
220C/01 $aTitelaufnehmer: gk;tn
220C/01 $aHerkunft: HI Marburg
244Z/01 $2Trx $#Poola $#Lenkija $#Polija $#Polen Land $#Poland $#Lengyelország $#Poľsko $#Polsko $8--Trx--Polska$gkraj $x01 $9391345966
244Z/01 $#Londinium $#Londyn $#Landan $#Lundun $#Augusta Trinobantum $#Londres $#Londra $#Londen $#London Great Britain $#Londinum $#Lundonia $#Westminster $#Londinium $74074335-4 $8--Tgz--London $x02 $9085209341
244Z/01 $#بريطانيا العظمى $#Vereinigtes Königreich von Großbritannien und Nordirland $#Großbritannien und Nordirland $#England 1707- $#UK $#Angleterre $#Brīṭāniyā al-ʿUẓmā $#Brīṭāniya 'l-ʿUẓmā $#Vereinigtes Königreich Großbritannien und Nordirland $#United Kingdom $#United Kingdom of Great Britain and Northern Ireland $#Great Britain $#Grande Bretagne $#British Isles $#United Kingdom of Great Britain and Ireland $#Royaume-Uni $#Gran Bretagna $#UK United Kingdom $#U.K. United Kingdom $#GB Great Britain $#England Staat ab 1707 $#Grande-Bretagne $#Grossbritannien $#British Empire $#Britisches Reich $#UK $74022153-2 $8--Tg1--Großbritannien $x03 $9085054151
244Z/01 $aGeschichte 2004-2008 $x04
244Z/01 $2Trx $#poolakad $#lenkai $#Poles population $#lengyelek nép $#Polacy $#Poliaci $#Poláci $#Lachen $#Lachowie $8--Trx--Polen$gVolk $x05 $9391382934
244Z/01 $2Trx $#toidu- ja luksuskaup $#maisto produktai $#foods and luxury articles $#élelem és fogyasztási cikk $#żywność i używki $#potraviny a poživatiny $#potraviny a poživatiny $#Tabak $#Lebensmittel $#tytoń $#tabak $#tabák $8--Trx--Nahrungs- und Genußmittel $x06 $9391377612
244Z/01 $2Trx $#migratsioonid $#migracijos $#migrations $#migrációk $#migracje $#migrácie $#migrace $8--Trx--Migrationen $x07 $9391383477
244Z/01 $2Trx $#tööjõu sisseränne $#ekonominė migracija $#labour migrations $#munka miatti költözések $#migracje zarobkowe $#migrácia za prácou $#migrace za prací $#Sachsengängerei $#"saksy" XVIII-XIX w. $8--Trx--Arbeitsmigrationen $x08 $9391366904
244Z/01 $2Trx $#ettevõtjad $#verslininkai $#entrepreneurs $#vállalkozó $#przedsiębiorcy $#podnikatelia $#podnikatelé $8--Trx--Unternehmer $x09 $9391382802
244Z/01 $2Trx $#suhted, Inglise-Poola $#santykiai, anglų ir lenkų $#relations, British-Polish $#kapcsolatok, brit-lengyel $#stosunki brytyjsko-polskie $#vzťahy britsko-poľské $#vztahy britsko-polské $8--Trx--Beziehungen, britisch-polnische $x10 $9391369555
244Z/01 $2Trx $8--Trx--Einzelbeiträge $x11 $9391384570
245Z/01 $a08.03 $x01
247C/01 $82080>Marburg/Lahn, Herder-Institut, Forschungsbibliothek, Bibliographieportal $9336309341
| LEADER | 00000caa a22000002c 4500 | ||
|---|---|---|---|
| 001 | 392575701 | ||
| 003 | DE-603 | ||
| 005 | 20210427205008.0 | ||
| 007 | tu | ||
| 008 | 161111s2009 xx |||| | u00||u|eng c | ||
| 035 | |a (DE-599)HEB392575701 | ||
| 040 | |a DE-603 |b ger |c DE-603 |d DE-603 | ||
| 041 | |a eng | ||
| 082 | 0 | 4 | |8 1\u |a 304.609438 |q DE-101 |2 23/BSB |
| 085 | |8 1\u |b 304.609 | ||
| 085 | |8 1\u |z 2 |s 438 | ||
| 100 | 1 | |a Rabikowska, Marta | |
| 245 | 0 | 0 | |a The Material Worlds of Recent Polish Migrants |b Transnationalism, Food, Shops and Home |
| 264 | 0 | |c 2009 | |
| 700 | 1 | |a Burrell, Kathy | |
| 773 | 0 | 8 | |i In |t Polish migration to the UK in the 'new' European Union |d Farnham [u.a.] : Ashgate, c 2009 |h XVIII, 241 S., Ill., graph. Darst. |z 9780754673873 |g (2009), Seite 211-232, Abb., Tab. |w (DE-603)212964321 |
| 924 | 0 | |9 2080 |a (DE-603)788673793 |b DE-2080 |c HES |d d |g / | |


